| 000 | 00610nam a2200145Ia 4500 | ||
|---|---|---|---|
| 008 | 220216s9999 xx 000 0 und d | ||
| 100 | _aMukhopadhyay R | ||
| 245 | 0 | _aCircular economy, sustainability and recyclability | |
| 260 |
_bCircular Economy, Recyclability and Sustainability of the Rubber Industry-A New Paradigm Shift: National Rubber Conference, 4-5 December 2019, All India Rubber Industries Association, Kolkata, India. _cDec-19 |
||
| 650 | _aCircular economy | ||
| 650 | _aDesign for environment | ||
| 650 | _aRubber industry | ||
| 856 | _uRef only (In: Rubber India January 2020) | ||
| 942 | _cJS | ||
| 999 |
_c55606 _d55606 |
||